000 00209nam a22000617a 4500
999 _c23918
_d23918
003 Nust
005 20170410135243.0
008 140425b xxu||||| |||| 00| 0 eng d
020 _a8120325958
040 _aDLC
_bDLC
_cRCMS
082 _a621.38NAI
100 _aB. Somanathan Nair
245 _aDigital Signal Processing: Theory, Analysis & Digital Filter Design
260 _aNew Delhi
_bPrentice- Hall
_cc2004
300 _axv,471,p:
_bill:
_c26,cm.
538 _iShelf # 15, Row # 1, Communication.
650 _aTechnology & Engineering / Mobile & Wireless Communications/Signals & Signal Processing
856 _3Table of content only
942 _2ddc
_cBK